000 00226nam a22000857a 4500
008 160630b xxu||||| |||| 00| 0 eng d
100 _91519
_aRajasekharan, P.T
245 _aP.T.Usha The Pride of India.
260 _aN.D
_b Konark
_c1987
999 _c1254
_d1254